Negotiating latinidades, understanding identities within space / (Record no. 13442)
[ view plain ]
| 000 -LEADER | |
|---|---|
| fixed length control field | 00809nam a22002057a 4500 |
| 008 - FIXED-LENGTH DATA ELEMENTS--GENERAL INFORMATION | |
| fixed length control field | 190318b ||||| |||| 00| 0 eng d |
| 020 ## - INTERNATIONAL STANDARD BOOK NUMBER | |
| International Standard Book Number | 9781443875103 |
| 082 ## - DEWEY DECIMAL CLASSIFICATION NUMBER | |
| Edition number | 2015 |
| Classification number | AV-Eb 860.998 |
| Item number | S211 |
| 100 ## - MAIN ENTRY--PERSONAL NAME | |
| Personal name | Quinn-Sánchez, Kathryn. |
| 9 (RLIN) | 37618 |
| 245 ## - TITLE STATEMENT | |
| Title | Negotiating latinidades, understanding identities within space / |
| Statement of responsibility, etc. | edited by Kathryn Quinn-Sánchez. |
| 250 ## - EDITION STATEMENT | |
| Edition statement | First Edition |
| 260 ## - PUBLICATION, DISTRIBUTION, ETC. (IMPRINT) | |
| Name of publisher, distributor, etc. | Cambridge Scholars Publishing, |
| Date of publication, distribution, etc. | ©2015. |
| 300 ## - PHYSICAL DESCRIPTION | |
| Extent | 147 pages; |
| 500 ## - GENERAL NOTE | |
| General note | Includes index. |
| 650 ## - SUBJECT ADDED ENTRY--TOPICAL TERM | |
| Topical term or geographic name as entry element | Latin American literature -- History and criticism. |
| 9 (RLIN) | 37619 |
| 650 ## - SUBJECT ADDED ENTRY--TOPICAL TERM | |
| Topical term or geographic name as entry element | Literature and society -- Latin America. |
| 9 (RLIN) | 37620 |
| 700 ## - ADDED ENTRY--PERSONAL NAME | |
| Personal name | Quinn-Sánchez, Kathryn.editor |
| 9 (RLIN) | 37621 |
| 856 ## - ELECTRONIC LOCATION AND ACCESS | |
| Link text | https://ebookcentral.proquest.com/lib/uniofmindanao-ebooks/detail.action?docID=2076776 |
| 942 ## - ADDED ENTRY ELEMENTS (KOHA) | |
| Source of classification or shelving scheme | Dewey Decimal Classification |
| Koha item type | Ebooks |
| Withdrawn status | Lost status | Source of classification or shelving scheme | Damaged status | Not for loan | Home library | Current library | Shelving location | Date acquired | Source of acquisition | Total Checkouts | Full call number | Barcode | Date last seen | Copy number | Price effective from | Koha item type |
|---|---|---|---|---|---|---|---|---|---|---|---|---|---|---|---|---|
| Dewey Decimal Classification | UM Digos College - LIC | UM Digos College - LIC | Processing Center | 03/18/2019 | Downloaded | AV-Eb 860.998 S211 | Eb087 | 03/18/2019 | 1 | 03/18/2019 | Ebooks |
